[Event "XVI Open Nicolo' La Rosa"]
[Site "Mazara del Vallo ITA"]
[Date "2008.08.13"]
[Round "6"]
[White "Fiducioso, Marco"]
[Black "Kizov, Atanas"]
[Result "1/2-1/2"]
[WhiteElo "2103"]
[BlackElo "2426"]
[PlyCount "75"]
[EventDate "2008.08.11"]

1. e4 e5 2. Nf3 Nc6 3. d4 exd4 4. Nxd4 Bc5 5. Nxc6 bxc6 6. Nc3 Qf6 7. Qd2 Ne7
8. Bd3 O-O 9. O-O Ng6 10. Na4 Bd4 11. c3 Bb6 12. Nxb6 axb6 13. f4 d6 14. b3 Ba6
15. Bxa6 Rxa6 16. Bb2 Qh4 17. c4 f6 18. e5 fxe5 19. fxe5 Rxf1+ 20. Rxf1 Nxe5
21. Qe3 Qxh2+ 22. Kxh2 Ng4+ 23. Kh3 Nxe3 24. Re1 Rxa2 25. Bc3 Nxg2 26. Re7 g5
27. Rg7+ Kf8 28. Rxh7 Ne3 29. Rxc7 c5 30. Rb7 d5 31. Bg7+ Kg8 32. cxd5 Nxd5 33.
Kg4 Ra3 34. Kf5 Rxb3 35. Be5 Kf8 36. Bd6+ Ke8 37. Ke6 Re3+ 38. Kxd5 1/2-1/2

[Event "XVI Open Nicolo' La Rosa"]
[Site "Mazara del Vallo ITA"]
[Date "2008.08.13"]
[Round "6"]
[White "Lanza, Giuseppe"]
[Black "Oddo, Salvatore"]
[Result "1-0"]
[WhiteElo "1470"]
[BlackElo "1553"]
[PlyCount "69"]
[EventDate "2008.08.11"]

1. f4 e6 2. Nf3 Nf6 3. e3 Be7 4. b3 O-O 5. Bb2 d6 6. c4 Nc6 7. a3 b6 8. Bd3 Nd7
9. Qc2 g6 10. Nc3 Bf6 11. O-O-O Nc5 12. Be2 a5 13. h4 h5 14. Ng5 Bxg5 15. hxg5
Ne7 16. Bxh5 e5 17. Bf3 Rb8 18. Rh2 Re8 19. Rdh1 Kf8 20. Rh8+ Ng8 21. Nd5 Nd7
22. fxe5 dxe5 23. Qc3 Bb7 24. Bg4 Bxd5 25. cxd5 Nc5 26. Bf3 Qxg5 27. Kb1 Rbc8
28. d4 Qf5+ 29. Ka2 Nd7 30. e4 Qf6 31. Bg4 exd4 32. Qh3 Rxe4 33. Bxd7 Rd8 34.
a4 Qf2 35. Rxg8+ 1-0

[Event "XVI Open Nicolo' La Rosa"]
[Site "Mazara del Vallo ITA"]
[Date "2008.08.13"]
[Round "6"]
[White "Marino, Davide"]
[Black "Grimaldi, Sergio"]
[Result "1/2-1/2"]
[WhiteElo "1571"]
[BlackElo "1799"]
[PlyCount "34"]
[EventDate "2008.08.11"]

1. e4 e6 2. d4 d5 3. exd5 exd5 4. Bd3 Bd6 5. Nf3 Nf6 6. O-O O-O 7. Bg5 Be6 8.
Re1 Nbd7 9. Nc3 a6 10. Ne5 c5 11. Nxd7 Qxd7 12. Bxf6 gxf6 13. Qh5 f5 14. Nxd5
Bxh2+ 15. Kxh2 Qxd5 16. Qg5+ Kh8 17. Qf6+ Kg8 1/2-1/2

[Event "XVI Open Nicolo' La Rosa"]
[Site "Mazara del Vallo ITA"]
[Date "2008.08.13"]
[Round "6"]
[White "Melia, Lorenzo"]
[Black "Cerami, Giuseppe"]
[Result "1-0"]
[WhiteElo "1649"]
[BlackElo "1742"]
[PlyCount "117"]
[EventDate "2008.08.11"]

1. e4 e6 2. d4 d5 3. Nd2 Nf6 4. e5 Nfd7 5. Bd3 c5 6. c3 Nc6 7. Ndf3 Qb6 8. Ne2
cxd4 9. cxd4 Bb4+ 10. Kf1 Be7 11. g3 Nb4 12. Bb1 Nf8 13. a3 Qa5 14. Bd2 Qa6 15.
Kg2 Bd7 16. Bg5 Nc6 17. Bxe7 Nxe7 18. Bd3 Bb5 19. Bxb5+ Qxb5 20. Nc3 Qd7 21.
Qb3 Nc8 22. Rhc1 a6 23. Na4 Ng6 24. Nc5 Qe7 25. Qxb7 Qxb7 26. Nxb7 O-O 27. b4
Nge7 28. Rc3 Nb6 29. Na5 Rac8 30. Rac1 Rxc3 31. Rxc3 Rc8 32. Rxc8+ Nexc8 33.
Kf1 Na7 34. Ne1 Nb5 35. Nc2 Kf8 36. Nb3 Nc4 37. a4 Nc7 38. Nc5 Ke7 39. Ke2 Kd8
40. Kd1 Ke7 41. Ke2 f6 42. f4 fxe5 43. fxe5 g6 44. Ne3 Nxe3 45. Kxe3 h6 46. g4
g5 47. Nb7 Kd7 48. Nd6 Ke7 49. b5 axb5 50. axb5 Na8 51. Kd3 Nb6 52. Kc3 Kd7 53.
Kb4 Nc8 54. Nxc8 Kxc8 55. Kc5 Kc7 56. b6+ Kb7 57. Kb5 Kb8 58. Kc6 Kc8 59. Kd6
1-0

[Event "XVI Open Nicolo' La Rosa"]
[Site "Mazara del Vallo ITA"]
[Date "2008.08.13"]
[Round "6"]
[White "Meo, Antonino"]
[Black "Galfano, Andrea"]
[Result "1-0"]
[WhiteElo "1431"]
[BlackElo "1404"]
[PlyCount "101"]
[EventDate "2008.08.11"]

1. e4 e5 2. Nc3 Nf6 3. Bc4 Bb4 4. f4 Nc6 5. a3 Bxc3 6. bxc3 O-O 7. Nf3 exf4 8.
O-O Nxe4 9. Qe1 d5 10. Bb5 Qd6 11. d4 a6 12. Bd3 Re8 13. Ng5 Qg6 14. Bxf4 Bf5
15. Rb1 Nxg5 16. Bxf5 Qxf5 17. Qg3 Ne4 18. Qd3 Re7 19. Bxc7 Qc8 20. Bf4 Na5 21.
Bd2 Nxd2 22. Qxd2 Nc4 23. Qd3 Nxa3 24. Rbe1 Qc7 25. Re2 Rae8 26. Rfe1 Nb5 27.
h3 Rxe2 28. Rxe2 Rxe2 29. Qxe2 h6 30. Qe8+ Kh7 31. c4 Qxc4 32. Qxf7 Qxd4+ 33.
Kh2 Qe4 34. Qxb7 Qxc2 35. Qxa6 Qc4 36. Qa8 d4 37. Qe4+ Kh8 38. Qe8+ Kh7 39.
Qe4+ g6 40. Qe7+ Kh8 41. Qe8+ Kg7 42. Qe7+ Qf7 43. Qe5+ Qf6 44. Qxb5 Qf4+ 45.
Kh1 h5 46. Qd7+ Kh6 47. Qd8 Qf1+ 48. Kh2 d3 49. h4 Qf4+ 50. Kh1 d2 51. Qh8# 1-0

[Event "XVI Open Nicolo' La Rosa"]
[Site "Mazara del Vallo ITA"]
[Date "2008.08.13"]
[Round "6"]
[White "Messina, Damiano"]
[Black "Di Via, Saverio"]
[Result "1/2-1/2"]
[WhiteElo "2029"]
[BlackElo "1715"]
[PlyCount "70"]
[EventDate "2008.08.11"]

1. d4 d5 2. c4 e6 3. Nc3 Be7 4. Nf3 Nf6 5. e3 O-O 6. Bd3 dxc4 7. Bxc4 b6 8. Qc2
Bb7 9. e4 Re8 10. a3 Nbd7 11. Be3 Nf8 12. Rd1 c6 13. O-O Ng6 14. h3 Qc7 15. Ba2
Rac8 16. Bb1 Red8 17. Rc1 Ba8 18. e5 Nd7 19. h4 h5 20. Ng5 Ndf8 21. Qe2 Nxh4
22. Qxh5 Bxg5 23. Bxg5 Nhg6 24. Bxd8 Rxd8 25. Nb5 Qe7 26. Nd6 c5 27. Qg4 cxd4
28. Bxg6 Nxg6 29. Rc8 Rxc8 30. Nxc8 Qb7 31. Nd6 Qd5 32. Rc1 Bc6 33. Rxc6 Qxc6
34. Qxd4 Qc1+ 35. Kh2 Qh6+ 1/2-1/2

[Event "XVI Open Nicolo' La Rosa"]
[Site "Mazara del Vallo ITA"]
[Date "2008.08.13"]
[Round "6"]
[White "Monaco, Alessandro"]
[Black "Internicola, Vincenzo"]
[Result "1/2-1/2"]
[WhiteElo "1527"]
[BlackElo "1554"]
[PlyCount "110"]
[EventDate "2008.08.11"]

1. e4 e5 2. f4 exf4 3. Nf3 d6 4. Bc4 h6 5. d4 Be7 6. Bxf4 Bh4+ 7. Nxh4 Qxh4+ 8.
g3 Qh3 9. Bf1 Qg4 10. Nc3 Nf6 11. h3 Qe6 12. Bg2 O-O 13. O-O Bd7 14. Qf3 Qc4
15. Bxh6 Qxd4+ 16. Be3 Qe5 17. Rad1 Bc6 18. Bd4 Qg5 19. Bxf6 gxf6 20. h4 Qh6
21. Nd5 Bxd5 22. Rxd5 Nd7 23. Qg4+ Qg7 24. Qxd7 Qxg3 25. Rh5 Kg7 26. Qf5 Qg6
27. Rf3 Rh8 28. Qxg6+ fxg6 29. Rxh8 Rxh8 30. Rf4 Rh5 31. Kh2 g5 32. Rg4 Kg6 33.
Kg3 c6 34. Bf1 f5 35. exf5+ Kxf5 36. Bd3+ Kf6 37. a4 gxh4+ 38. Rxh4 Rxh4 39.
Kxh4 Ke5 40. Kg3 a6 41. Kf3 a5 42. Ke3 Kd5 43. b3 Kc5 44. Kd2 b5 45. Kc3 d5 46.
Kb2 bxa4 47. bxa4 Kb4 48. Ba6 Kxa4 49. Bb7 Kb5 50. Ka3 d4 51. Kb3 c5 52. Be4
a4+ 53. Ka3 Kc4 54. Bd3+ Kc3 55. Kxa4 c4 1/2-1/2

[Event "XVI Open Nicolo' La Rosa"]
[Site "Mazara del Vallo ITA"]
[Date "2008.08.13"]
[Round "6"]
[White "Palazzotto, Giuseppe"]
[Black "Melograni, Francesco"]
[Result "1-0"]
[WhiteElo "1873"]
[BlackElo "1787"]
[PlyCount "75"]
[EventDate "2008.08.11"]

1. d4 d5 2. c4 e6 3. Nc3 Nf6 4. Bg5 Be7 5. Nf3 Nbd7 6. e3 c6 7. Bd3 O-O 8. O-O
h6 9. Bh4 Re8 10. Bg3 dxc4 11. Bxc4 b5 12. Bd3 Bb7 13. a3 Rc8 14. b4 a5 15. Qb3
Nh5 16. Be5 Nxe5 17. Nxe5 axb4 18. axb4 Qd6 19. Rfb1 Nf6 20. Ra7 Rc7 21. Bxb5
cxb5 22. Nxb5 Qb6 23. Nxc7 Qxc7 24. Qa4 Rc8 25. Nd3 Ng4 26. g3 Qb6 27. Nc5 Bxc5
28. dxc5 Rxc5 29. Ra8+ Bxa8 30. Qxa8+ Kh7 31. Qe4+ f5 32. bxc5 Qxc5 33. Qxe6
Qc2 34. Rf1 Qc5 35. h3 Nf6 36. Rb1 Qc2 37. Rb7 Qc3 38. Qxf5+ 1-0

[Event "XVI Open Nicolo' La Rosa"]
[Site "Mazara del Vallo ITA"]
[Date "2008.08.13"]
[Round "6"]
[White "Salafia, Andrea"]
[Black "Morello, Guido"]
[Result "1/2-1/2"]
[WhiteElo "1959"]
[BlackElo "1978"]
[PlyCount "33"]
[EventDate "2008.08.11"]

1. e4 Na6 2. e5 d6 3. e6 Bxe6 4. Qh5 g6 5. Qh4 Bg7 6. Bxa6 bxa6 7. Qa4+ Bd7 8.
Qxa6 Nf6 9. Nf3 O-O 10. O-O Rb8 11. Qxa7 Bc6 12. Nd4 Bd5 13. Qxb8 Qxb8 14. Re1
Ne4 15. g4 Qc8 16. Na3 Qxg4+ 17. Kh1 1/2-1/2

[Event "XVI Open Nicolo' La Rosa"]
[Site "Mazara del Vallo ITA"]
[Date "2008.08.13"]
[Round "6"]
[White "Savalla, Pietro"]
[Black "Mancuso, Fabrizio"]
[Result "1-0"]
[WhiteElo "1440"]
[BlackElo "1362"]
[PlyCount "79"]
[EventDate "2008.08.11"]

1. e4 e5 2. Nf3 Nc6 3. Bc4 Bc5 4. d4 exd4 5. O-O d6 6. c3 dxc3 7. Nxc3 Nf6 8.
Nd5 Nxe4 9. Re1 Bf5 10. Ng5 O-O 11. Nxe4 Re8 12. Ng3 Be6 13. Be3 Bb4 14. Bd2
Bc5 15. Bf4 Rc8 16. Bb5 a6 17. Ba4 Rf8 18. Nc3 Qh4 19. Be3 Nd4 20. Bxd4 Bxd4
21. Re4 Bg4 22. Qxd4 f5 23. Nxf5 Rxf5 24. Rxg4 Qe7 25. Nd5 Qf7 26. Bb3 Kf8 27.
Ne3 Qd7 28. Nxf5 Qxf5 29. Qxg7+ Ke8 30. Qh8+ Kd7 31. Qg7+ Kd8 32. Qg8+ Kd7 33.
Qg7+ Kd8 34. Qg5+ Qxg5 35. Rxg5 Ke7 36. Rg7+ Kf6 37. Rf7+ Ke5 38. Re1+ Kd4 39.
Rf5 c6 40. Rd1+ 1-0

[Event "XI Festival Sant'Anna A"]
[Site "Pisignano - Vernole ITA"]
[Date "2008.08.18"]
[Round "4"]
[White "Collutiis, Duilio"]
[Black "Dragojlovic, Andjelko"]
[Result "1-0"]
[WhiteElo "2415"]
[BlackElo "2400"]
[PlyCount "79"]
[EventDate "2008.08.16"]

1. e4 c5 2. Nf3 Nc6 3. Bb5 g6 4. O-O Bg7 5. Re1 e5 6. b4 cxb4 7. a3 Nge7 8.
axb4 O-O 9. Bb2 d6 10. Bxc6 bxc6 11. d4 f6 12. Nbd2 Be6 13. c4 a6 14. Qc2 exd4
15. Nxd4 Bf7 16. c5 d5 17. exd5 Nxd5 18. Qa4 Nf4 19. Bc3 f5 20. Nxc6 Qg5 21.
Ne7+ Kh8 22. Bxg7+ Kxg7 23. g3 Nh3+ 24. Kg2 Qxd2 25. Kxh3 Qxf2 26. Rad1 g5 27.
Qa1+ Kh6 28. Rd2 Qf3 29. Re3 Qg4+ 30. Kg2 Bg6 31. Nxg6 Rad8 32. Rxd8 Rxd8 33.
Ne5 Rd2+ 34. Kg1 Rd1+ 35. Re1 Rxe1+ 36. Qxe1 Qd4+ 37. Kf1 Qd5 38. Kf2 Qd4+ 39.
Kg2 Qd5+ 40. Nf3 1-0

[Event "II Festival Castelli Romani e Prenestini A"]
[Site "Rocca Priora ITA"]
[Date "2008.08.14"]
[Round "1"]
[White "Vanzan, Alessandro"]
[Black "Ottolini, Graziano"]
[Result "1/2-1/2"]
[WhiteElo "1806"]
[BlackElo "2060"]
[PlyCount "73"]
[EventDate "2008.08.14"]

1. c4 Nf6 2. Nc3 c6 3. Nf3 d5 4. cxd5 cxd5 5. d4 Nc6 6. g3 e6 7. Bg2 Be7 8. O-O
O-O 9. a3 b6 10. Bf4 Bb7 11. Rc1 Rc8 12. Rc2 Ne4 13. Qd3 f5 14. Ne5 a6 15. Nxc6
Rxc6 16. Rfc1 Qd7 17. f3 Nf6 18. e3 Rfc8 19. Ne2 Rxc2 20. Rxc2 Rxc2 21. Qxc2
Qc6 22. Qxc6 Bxc6 23. Bc7 Nd7 24. Nf4 Kf7 25. Kf2 a5 26. Bh3 g5 27. Nd3 Ke8 28.
g4 Bb5 29. Ne5 Nxe5 30. Bxe5 Bd3 31. gxf5 exf5 32. Bc7 Bd8 33. Bxd8 Kxd8 34.
Kg3 Ke7 35. Bg2 Ke6 36. f4 h6 37. h3 1/2-1/2

[Event "II Festival Castelli Romani e Prenestini A"]
[Site "Rocca Priora ITA"]
[Date "2008.08.15"]
[Round "2"]
[White "Ottolini, Graziano"]
[Black "Mecali, Antonello"]
[Result "1-0"]
[WhiteElo "2060"]
[BlackElo "1862"]
[PlyCount "81"]
[EventDate "2008.08.14"]

1. e4 c5 2. Nf3 d6 3. d4 cxd4 4. Nxd4 Nf6 5. Nc3 Nc6 6. Be3 a6 7. Be2 e6 8. Qd2
Be7 9. f4 Bd7 10. Nb3 Rc8 11. Bf3 Na5 12. Qf2 Nc4 13. O-O-O Nxe3 14. Qxe3 e5
15. Kb1 Ng4 16. Qe2 Nf6 17. fxe5 dxe5 18. Nd5 Nxd5 19. exd5 Bf5 20. Na1 Bd6 21.
Bg4 Qg5 22. Bxf5 Qxf5 23. Rhf1 Qg6 24. Rd3 f5 25. Rg3 Qf7 26. Rgf3 g6 27. g4
O-O 28. gxf5 gxf5 29. Qg2+ Kh8 30. Rxf5 Qxf5 31. Rxf5 Rxf5 32. a3 Rg8 33. Qh3
Rgf8 34. Nb3 b6 35. Nd2 b5 36. Ne4 Bb8 37. Nc5 a5 38. Nd7 Rf3 39. Qe6 Rc8 40.
Nxb8 Rxb8 41. Qxe5+ 1-0

[Event "II Festival Castelli Romani e Prenestini A"]
[Site "Rocca Priora ITA"]
[Date "2008.08.15"]
[Round "3"]
[White "Ottolini, Graziano"]
[Black "Cappai, Davide"]
[Result "1-0"]
[WhiteElo "2060"]
[BlackElo "2122"]
[PlyCount "59"]
[EventDate "2008.08.14"]

1. e4 g6 2. d4 Bg7 3. f4 d5 4. e5 Nh6 5. Bd3 O-O 6. Nc3 Nc6 7. Nf3 Nb4 8. Be3
Nxd3+ 9. Qxd3 c6 10. O-O-O b5 11. h4 Qa5 12. Kb1 b4 13. Ne2 Bf5 14. Qd2 Bg4 15.
Ng3 Nf5 16. Nxf5 gxf5 17. h5 Bh6 18. Rh4 Bxf3 19. gxf3 e6 20. Rh3 Kh8 21. Bf2
Rg8 22. Bh4 c5 23. Qf2 cxd4 24. Bf6+ Bg7 25. Qh4 h6 26. Rg3 b3 27. axb3 Kh7 28.
Bxg7 Rxg7 29. Rxg7+ Kxg7 30. Qf6+ 1-0

[Event "II Festival Castelli Romani e Prenestini A"]
[Site "Rocca Priora ITA"]
[Date "2008.08.16"]
[Round "4"]
[White "Corvi, Marco"]
[Black "Ottolini, Graziano"]
[Result "1-0"]
[WhiteElo "2350"]
[BlackElo "2060"]
[PlyCount "85"]
[EventDate "2008.08.14"]

1. e4 Nf6 2. e5 Nd5 3. d4 d6 4. Nf3 dxe5 5. Nxe5 g6 6. Bc4 Be6 7. O-O Bg7 8.
Re1 O-O 9. Bb3 c6 10. Nd2 Nd7 11. Ndf3 Nxe5 12. Nxe5 Qc8 13. Qf3 Nb6 14. h4 Bd5
15. Qe2 a5 16. c4 Be6 17. a4 Rd8 18. Be3 Nd7 19. Nd3 Nb8 20. Nf4 Bf5 21. d5 Na6
22. Bb6 Re8 23. c5 cxd5 24. Nxd5 Be6 25. Bc4 Bf8 26. Rac1 Qb8 27. Red1 Bxd5 28.
Bxd5 Nb4 29. Bf3 e6 30. Rd7 Nd5 31. Bxd5 exd5 32. Qf3 Be7 33. Qxd5 Qf4 34. Rc4
Qf6 35. Re4 Bf8 36. Qd4 Qf5 37. Rf4 Qb1+ 38. Kh2 Bg7 39. Qd5 Re6 40. Rfxf7 Be5+
41. g3 Rae8 42. Rfe7 Bxg3+ 43. fxg3 1-0

[Event "II Festival Castelli Romani e Prenestini A"]
[Site "Rocca Priora ITA"]
[Date "2008.08.16"]
[Round "5"]
[White "Ottolini, Graziano"]
[Black "Maddaloni, Giovanni"]
[Result "1/2-1/2"]
[WhiteElo "2060"]
[BlackElo "1833"]
[PlyCount "61"]
[EventDate "2008.08.14"]

1. e4 c5 2. Nf3 Nc6 3. c3 Nf6 4. e5 Nd5 5. d4 cxd4 6. Bc4 e6 7. cxd4 Nb6 8. Bb3
Be7 9. O-O O-O 10. Nc3 d6 11. Qe2 a6 12. Bf4 dxe5 13. dxe5 Nd5 14. Nxd5 exd5
15. Rfd1 Be6 16. a3 Qa5 17. Bc2 Rfd8 18. Rac1 d4 19. Qe4 g6 20. Nxd4 Nxd4 21.
Rxd4 Bf5 22. Rxd8+ Rxd8 23. Qe2 Be6 24. h3 Qb6 25. b4 Qd4 26. Qe3 Qxe3 27. Bxe3
a5 28. bxa5 Bxa3 29. Rd1 Rxd1+ 30. Bxd1 Bb4 31. Bf3 1/2-1/2

[Event "II Festival Castelli Romani e Prenestini A"]
[Site "Rocca Priora ITA"]
[Date "2008.08.17"]
[Round "6"]
[White "Ottolini, Graziano"]
[Black "Scali, Fausto"]
[Result "1-0"]
[WhiteElo "2060"]
[BlackElo "1975"]
[PlyCount "75"]
[EventDate "2008.08.14"]

1. e4 c5 2. Nf3 e6 3. c3 d5 4. exd5 Qxd5 5. d4 Nf6 6. Be2 Nc6 7. O-O cxd4 8.
cxd4 Be7 9. Bf4 O-O 10. Nc3 Qd8 11. Rc1 Nd5 12. Bg3 Nxc3 13. bxc3 b6 14. Re1
Bb7 15. h4 Bf6 16. Bd3 Na5 17. Nh2 Qd5 18. Be4 Qxa2 19. Ra1 Qc4 20. Bxb7 Nxb7
21. Qf3 Na5 22. Bd6 Rfd8 23. Ng4 Qc6 24. Nxf6+ gxf6 25. Qg3+ Kh8 26. Be7 e5 27.
Bxd8 Rxd8 28. dxe5 Rg8 29. Qh3 fxe5 30. Rxe5 Nc4 31. Re7 Qf6 32. Rexa7 Nd2 33.
Ra8 Qg7 34. Rxg8+ Qxg8 35. Qe3 Nb3 36. Qe5+ f6 37. Qxf6+ Qg7 38. Ra8# 1-0

[Event "I Weekend A"]
[Site "Noale ITA"]
[Date "2008.02.08"]
[Round "1"]
[White "Cacco, Christian"]
[Black "Verducci, Gianni"]
[Result "1-0"]
[WhiteElo "2284"]
[BlackElo "2018"]
[PlyCount "103"]
[EventDate "2008.02.08"]

1. d4 d5 2. Nf3 Nf6 3. c4 c6 4. Qc2 g6 5. Bf4 Bg7 6. Nbd2 O-O 7. h3 Bf5 8. Qb3
Qb6 9. e3 Nbd7 10. Rc1 Rac8 11. c5 Qa5 12. Qxb7 e5 13. dxe5 Ne4 14. Qa6 Qb4 15.
Qa3 Qxa3 16. bxa3 Nexc5 17. Nd4 Be6 18. Bg3 Rfe8 19. f4 f6 20. exf6 Bxf6 21.
Kf2 Bf5 22. Nxf5 gxf5 23. Kf3 Rb8 24. Rc2 Kg7 25. Be2 Re6 26. Rhc1 Rbe8 27. Nf1
Be7 28. Be1 Ne4 29. Rxc6 Bxa3 30. Rxe6 Rxe6 31. Rc7 Re7 32. Rc6 Ndc5 33. Ba5
Ne6 34. g4 fxg4+ 35. hxg4 N6c5 36. Bc7 Bb2 37. Rxc5 Nxc5 38. Bd6 Rd7 39. Bxc5
d4 40. exd4 Bxd4 41. Bb4 h6 42. Ng3 Bb2 43. Nf5+ Kg6 44. Nd6 Kf6 45. Bb5 Rd8
46. Ne4+ Kg7 47. a4 Rd1 48. Bc5 a5 49. Bb6 Ra1 50. Nd6 Ra3+ 51. Ke4 Rg3 52.
Nf5+ 1-0

[Event "I Weekend A"]
[Site "Noale ITA"]
[Date "2008.02.08"]
[Round "1"]
[White "Cardili, Mariano"]
[Black "Mateo, Ramon"]
[WhiteElo "2097"]
[BlackElo "2484"]
[Result "0-1"]
[PlyCount "138"]
[EventDate "2008.02.08"]

1. d4 Nf6 2. c4 e6 3. Nc3 Bb4 4. e3 O-O 5. Nf3 c5 6. Bd3 d5 7. O-O Nc6 8. a3
Bxc3 9. bxc3 Qa5 10. cxd5 exd5 11. Bd2 c4 12. Bc2 Bg4 13. Qb1 Qc7 14. Ng5 h6
15. Nh7 Nxh7 16. Bxh7+ Kh8 17. f3 Be6 18. Bc2 Na5 19. e4 Nb3 20. Bxb3 cxb3 21.
e5 Qc4 22. f4 f5 23. Qb2 a5 24. Rf3 a4 25. Kf2 b5 26. Bc1 Bf7 27. Qd2 Rac8 28.
Bb2 Qc6 29. h3 Be6 30. Rg1 Qd7 31. Kg3 Qa7 32. Ra1 Rc6 33. Kh2 Rc4 34. Rg3 Rfc8
35. Rg6 R8c6 36. Rg3 Ra6 37. Qc1 Rc8 38. Rg6 Kh7 39. Rg3 Ra8 40. Re3 Qc7 41.
Qf1 Rc6 42. Qd3 Kh8 43. Ree1 Qe7 44. Rg1 Rac8 45. g3 Qc7 46. Rge1 Qe7 47. Rg1
Qf7 48. Rac1 Qh5 49. Rg2 Rc4 50. Qe2 Qf7 51. Rf2 Qa7 52. Qd2 Qc7 53. g4 Qf7 54.
g5 Qh5 55. Rg2 R4c6 56. gxh6 Qxh6 57. Rg5 Bf7 58. Rg3 Rg6 59. Rcg1 Rxg3 60.
Rxg3 b4 61. axb4 a3 62. Bxa3 Qa6 63. Qe3 Qf1 64. Rg2 Bh5 65. Rf2 Qa1 66. Bb2
Qa2 67. Bc1 Rxc3 68. Rxa2 bxa2 69. Bb2 Rc2+ 0-1

[Event "I Weekend A"]
[Site "Noale ITA"]
[Date "2008.02.08"]
[Round "1"]
[White "Cecchetto, Vanni"]
[Black "Omeri, Silvan"]
[Result "1-0"]
[WhiteElo "1956"]
[BlackElo "2191"]
[PlyCount "147"]
[EventDate "2008.02.08"]

1. Nf3 Nf6 2. c4 e6 3. Nc3 b6 4. a3 Bb7 5. Qc2 c5 6. e4 Nc6 7. d3 d6 8. Be3 Be7
9. d4 O-O 10. O-O-O cxd4 11. Nxd4 Nxd4 12. Bxd4 Rc8 13. e5 Ne8 14. Bd3 h6 15.
Qe2 d5 16. Kb1 dxc4 17. Bxc4 Qc7 18. Bd3 Qb8 19. Ne4 Rd8 20. Bc3 Qa8 21. Rhe1
Nc7 22. Nf6+ Kh8 23. Bd2 Rxd3 24. Qxd3 gxf6 25. Qh3 Be4+ 26. Ka1 Bh7 27. Qxh6
Rg8 28. exf6 Bc5 29. g3 Qf3 30. Be3 Nd5 31. Bc1 Rg6 32. Qh4 a5 33. Qa4 Rxf6 34.
Bg5 Rg6 35. h4 Bg8 36. Qe8 Kg7 37. Qd8 Bxa3 38. Rxd5 exd5 39. Re3 Qd1+ 40. Ka2
Bxb2 41. Kxb2 Qd2+ 42. Kb3 d4 43. Qxg8+ Kxg8 44. Re8+ Kg7 45. Bxd2 Rf6 46. Bf4
Rf5 47. Kc4 Rc5+ 48. Kxd4 Rc2 49. Be3 Rb2 50. h5 a4 51. h6+ Kh7 52. Ra8 b5 53.
Kc3 Rb1 54. Kc2 Rb4 55. Ra7 Kg6 56. Ra5 Rb3 57. g4 Rb4 58. g5 Rb3 59. Ra8 Rb4
60. Bd2 Rc4+ 61. Kb2 Rd4 62. Bc3 Rh4 63. Rg8+ Kf5 64. Rg7 Ke6 65. Bf6 b4 66.
Rg8 Kd5 67. Rb8 Kc4 68. Rc8+ Kd3 69. Ra8 Rh2 70. Rxa4 Rxf2+ 71. Kc1 b3 72. Ra7
Rc2+ 73. Kb1 Rh2 74. Rxf7 1-0

[Event "I Weekend A"]
[Site "Noale ITA"]
[Date "2008.02.08"]
[Round "1"]
[White "Coqueraut, Jean Dominique"]
[Black "Del Monaco, Andrea"]
[Result "0-1"]
[WhiteElo "2013"]
[BlackElo "2263"]
[PlyCount "58"]
[EventDate "2008.02.08"]

1. d4 Nf6 2. c4 e6 3. Nc3 Bb4 4. e3 O-O 5. Bd3 c5 6. Nf3 d5 7. O-O Nc6 8. a3
Bxc3 9. bxc3 Qc7 10. cxd5 exd5 11. Re1 Re8 12. Bb2 c4 13. Bc2 Bg4 14. h3 Bh5
15. Qe2 Ne4 16. g4 Bg6 17. Bxe4 Bxe4 18. Nd2 h5 19. Nxe4 Rxe4 20. Bc1 hxg4 21.
hxg4 f5 22. f4 Rae8 23. Qf3 Rxf4 24. Qxd5+ Qf7 25. Qxf7+ Kxf7 26. exf4 Rxe1+
27. Kf2 Rh1 28. g5 Na5 29. g6+ Kxg6 0-1

[Event "I Weekend A"]
[Site "Noale ITA"]
[Date "2008.02.08"]
[Round "1"]
[White "Djuric, Stefan"]
[Black "Marchiori, Diego"]
[Result "1-0"]
[WhiteElo "2448"]
[BlackElo "2077"]
[PlyCount "71"]
[EventDate "2008.02.08"]

1. e4 Nf6 2. e5 Nd5 3. d4 d6 4. Bc4 Nb6 5. Bb3 dxe5 6. Qh5 e6 7. dxe5 Nc6 8.
Nf3 Nd4 9. Nxd4 Qxd4 10. O-O g6 11. Qh3 Bg7 12. Re1 Bd7 13. Qg3 Bc6 14. c3 Qc5
15. Be3 Qe7 16. Nd2 O-O 17. Bg5 Qc5 18. Ne4 Bxe4 19. Rxe4 Nd5 20. Rae1 Rae8 21.
h4 b5 22. h5 a5 23. a3 c6 24. Qh3 f5 25. exf6 Bxf6 26. Rxe6 Bxg5 27. Rxe8 Qxf2+
28. Kh1 Rxe8 29. Rxe8+ Kg7 30. h6+ Bxh6 31. Qd7+ Kf6 32. Qxc6+ Kg7 33. Qd7+ Kf6
34. Re6+ Kg5 35. Qxd5+ Kh4 36. Qd4+ 1-0

[Event "I Weekend A"]
[Site "Noale ITA"]
[Date "2008.02.08"]
[Round "1"]
[White "Dussin, Davide"]
[Black "Pomaro, Alberto"]
[Result "0-1"]
[WhiteElo "1899"]
[BlackElo "2153"]
[PlyCount "64"]
[EventDate "2008.02.08"]

1. d4 Nf6 2. c4 Nc6 3. Nc3 e5 4. dxe5 Nxe5 5. e3 Bb4 6. Bd2 O-O 7. Nf3 d6 8.
Be2 c6 9. O-O Be6 10. b3 a5 11. Qc2 h6 12. a3 Bc5 13. Rfd1 Qc7 14. Ne4 Nxe4 15.
Qxe4 f5 16. Qc2 f4 17. Nd4 Bc8 18. b4 Ba7 19. c5 Qe7 20. Rac1 fxe3 21. Bxe3 Bb8
22. Nf3 axb4 23. axb4 Bf5 24. Qb2 d5 25. Bd4 Ng6 26. Bd3 Be4 27. Re1 Rxf3 28.
Bxe4 dxe4 29. gxf3 Qg5+ 30. Kf1 Nf4 31. Rxe4 Qg2+ 32. Ke1 Nd3+ 0-1

[Event "I Weekend A"]
[Site "Noale ITA"]
[Date "2008.02.08"]
[Round "1"]
[White "Genocchio, Daniele"]
[Black "Gallo, Enrico"]
[Result "1/2-1/2"]
[WhiteElo "2425"]
[BlackElo "2066"]
[PlyCount "120"]
[EventDate "2008.02.08"]

1. e4 c5 2. Nf3 e6 3. c3 d5 4. e5 Nc6 5. d4 cxd4 6. cxd4 Nge7 7. Be3 Nf5 8. Bd3
Qb6 9. Qd2 Nxe3 10. fxe3 Be7 11. O-O f6 12. exf6 Bxf6 13. Nc3 O-O 14. Qc2 h6
15. Rf2 Bd7 16. Raf1 Ne7 17. Ne5 Qd6 18. Ng4 Nf5 19. Bxf5 exf5 20. Nxf6+ Rxf6
21. Qb3 Re8 22. e4 fxe4 23. Rxf6 gxf6 24. Nxd5 Kg7 25. Rxf6 Re6 26. Rxe6 Bxe6
27. Ne3 Qxd4 28. Qa3 Bxa2 29. h4 Kg6 30. Kh2 Be6 31. b4 Qd3 32. Qc1 Qd6+ 33. g3
Qxb4 34. h5+ Kxh5 35. Ng2 Kg6 36. Qf4 Qd4 37. Qf8 Qd2 38. Kg1 Qd1+ 39. Kh2 Qd2
40. Kg1 Qd1+ 41. Kh2 Qd2 42. Qe7 Bd5 43. Kh3 Bf7 44. Nf4+ Kg7 45. Ne6+ Kg6 46.
Nf4+ Kg7 47. Nh5+ Kg8 48. Nf6+ Kg7 49. Nh5+ Kg8 50. Nf6+ Kg7 51. Nxe4 Qd5 52.
Qf6+ Kg8 53. Qf4 Qh5+ 54. Kg2 Bd5 55. Qb8+ Kh7 56. Qc7+ Qf7 57. Qe5 Bc6 58. Kg1
Bxe4 59. Qxe4+ Kh8 60. Qe5+ Qg7 1/2-1/2

[Event "I Weekend A"]
[Site "Noale ITA"]
[Date "2008.02.08"]
[Round "1"]
[White "Lazic, Miroljub"]
[Black "Ruggeri, Pietro"]
[WhiteElo "2512"]
[BlackElo "2112"]
[Result "1-0"]
[PlyCount "69"]
[EventDate "2008.02.08"]

1. e4 c5 2. Nc3 Nc6 3. g3 g6 4. Bg2 Bg7 5. d3 d6 6. Be3 e6 7. Qd2 a6 8. f4 Nge7
9. Nf3 O-O 10. O-O Bd7 11. Rae1 Rc8 12. Bf2 Nd4 13. Nd1 Qc7 14. Nh4 f5 15. c3
Ndc6 16. Ne3 Rce8 17. Nf3 Nd8 18. exf5 Nxf5 19. Nxf5 exf5 20. d4 Nf7 21. dxc5
Bb5 22. cxd6 Qxd6 23. Rxe8 Rxe8 24. Re1 Rxe1+ 25. Qxe1 Qd3 26. Nd4 Bxd4 27.
Bxd4 Qc2 28. Bxb7 Qxb2 29. Bd5 h5 30. h3 a5 31. Qe6 Qc1+ 32. Kg2 Qf1+ 33. Kh2
Qe2+ 34. Qxe2 Bxe2 35. Bb3 1-0

[Event "I Weekend A"]
[Site "Noale ITA"]
[Date "2008.02.08"]
[Round "1"]
[White "Pastres, Roberto"]
[Black "Zangrando, Gianpietro"]
[WhiteElo "2123"]
[BlackElo "1830"]
[Result "1-0"]
[PlyCount "71"]
[EventDate "2008.02.08"]

1. Nf3 d5 2. b3 Bf5 3. Bb2 e6 4. d3 Bb4+ 5. Nbd2 Nf6 6. e3 Nbd7 7. Be2 Qe7 8.
a3 Bd6 9. Nd4 c6 10. Nxf5 exf5 11. c4 O-O 12. O-O Rfe8 13. Re1 Ne5 14. cxd5
cxd5 15. Nf3 Neg4 16. Bf1 Nxh2 17. Bxf6 Nxf3+ 18. Qxf3 Qxf6 19. Qxd5 Rad8 20.
Qf3 Rc8 21. d4 Re4 22. Bd3 Rh4 23. g3 Rh6 24. Qxb7 Rb8 25. Qd5 Rh5 26. b4 g6
27. Qf3 Rg5 28. Rac1 h5 29. Kf1 h4 30. gxh4 Rh5 31. Ke2 Kg7 32. Rc6 Qe7 33. Rh1
Rbh8 34. Qd5 Bb8 35. Qg2 Kh7 36. Rg1 1-0